First Lines of Bob Dylan Songs - Statistics

General Stats
  • This quiz has been taken 197 times
  • The average score is 15 of 25
Answer Stats
Hint Answer % Correct
Once upon a time you dressed so fine Like A Rolling Stone
91%
Mama, take this badge off of me Knockin' On Heaven's Door
84%
Come gather round people, wherever you roam The Times They Are A-Changin'
83%
Oh, where have you been, my blue-eyed son? A Hard Rain's A-Gonna Fall
82%
Early one morning the sun was shining Tangled Up In Blue
80%
Pistol shots ring out in the bar room night Hurricane
75%
Well, it ain't no use to sit and wonder why, babe Don't Think Twice, It's Alright
71%
Johnny's in the basement / Mixing up the medicine Subterranean Homesick Blues
68%
Oh, God said to Abraham, "Kill me a son" Highway 61 Revisited
62%
You gotta lot of nerve / To say you are my friend Positively 4th Street
60%
Ain't it just like the night to play tricks when you're tryin' to be so quiet? Visions Of Johanna
60%
May God bless and keep you always Forever Young
58%
Go away from my window / Leave at your own chosen speed It Ain't Me Babe
58%
Darkness at the break of noon / Shadows even the silver spoon It's Alright, Ma (I'm Only Bleeding)
57%
Nobody feels any pain Just Like A Woman
57%
You must leave now, take what you need, you think will last It's All Over Now, Baby Blue
55%
Someone's got it in for me, they're planting stories in the press Idiot Wind
53%
My love, she speaks like silence Love Minus Zero / No Limit
50%
When your mother sends back all your invitations Queen Jane Approximately
47%
Crimson flames tied through my ears My Back Pages
42%
I laid on a dune, I looked up at the sky Sara
35%
Well, your railroad gate, you know I just can't jump it Absolutely Sweet Marie
34%
You may be an ambassador to England or France Gotta Serve Somebody
34%
Down the street the dogs are barkin' One Too Many Mornings
34%
The sweet pretty things are in bed now of course Tombstone Blues
34%
No matching quizzes found
Score Distribution
Percent of People with Each Score
Percentile by Number Answered
Your Score History
You have not taken this quiz